Mythologie asiatique illutrée / (Record no. 113307)
[ view plain ]
| 000 -LEADER | |
|---|---|
| campo de control de longitud fija | 00480nam a2200169 4500 |
| 001 - NÚMERO DE CONTROL | |
| campo de control | 113307 |
| 003 - IDENTIFICADOR DE NÚMERO DE CONTROL | |
| campo de control | ES-MaACL |
| 005 - FECHA Y HORA DE LA ÚLTIMA TRANSACCIÓN | |
| campo de control | 20230906185835.0 |
| 007 - CAMPO FIJO DE DESCRIPCIÓN FÍSICA--INFORMACIÓN GENERAL | |
| campo de control de longitud fija | t| |
| 008 - DATOS DE LONGITUD FIJA--INFORMACIÓN GENERAL | |
| campo de control de longitud fija | 061121s1928 fr r ||||1| fre d |
| 080 ## - NÚMERO DE LA CLASIFICACIÓN DECIMAL UNIVERSAL | |
| Número de la Clasificación Decimal Universal | 295(02) |
| 245 00 - MENCIÓN DEL TÍTULO | |
| Título | Mythologie asiatique illutrée / |
| Mención de responsabilidad, etc. | avant propos par Paul-Louis Couchaud. |
| 260 ## - PUBLICACIÓN, DISTRIBUCIÓN, ETC. | |
| Lugar de publicación, distribución, etc. | Paris : |
| Nombre del editor, distribuidor, etc. | [Librairie de France, |
| Fecha de publicación, distribución, etc. | cop. 1928] |
| 300 ## - DESCRIPCIÓN FÍSICA | |
| Extensión | X, 431 p. : |
| Otras características físicas | il. |
| 700 1# - ENTRADA AGREGADA--NOMBRE PERSONAL | |
| Nombre de persona | Couchaud, Paul-Louis. |
| 9 (RLIN) | 41218 |
| 852 ## - LOCALIZACIÓN | |
| Ubicación | ES-MaACL |
| Número de control de estantería | B-6518 |
| Estatus retirado | Estado de pérdida | Estado de daño | No para préstamo | Biblioteca de origen | Biblioteca actual | Ubicación en estantería | Fecha de adquisición | Fuente de adquisición | Total de préstamos | Signatura topográfica completa | Código de barras | Visto por última vez | Precio de reemplazo | Tipo de ítem Koha |
|---|---|---|---|---|---|---|---|---|---|---|---|---|---|---|
| Biblioteca del Ateneo de Madrid | Biblioteca del Ateneo de Madrid | Sala Pardo Bazán | 17/01/2008 | B-6518 | 1118182 | 23/02/2023 | 23/02/2023 | Libro impreso |
